| 000 | 00444nam a22001217a 4500 | ||
|---|---|---|---|
| 999 |
_c10241 _d10241 |
||
| 003 | OSt | ||
| 008 | 201218b ||||| |||| 00| 0 eng d | ||
| 245 | _aJournal of Electronic Design Technology | ||
| 250 | _a2015(Jan-Apr Vol.6 No.1, May-Aug Vol.6 No.2, Sep-Dec Vol.6 No.3) 2016(Jan-Apr Vol.7 No.1, May-Aug Vol.7 No.2, Sep-Dec Vol.7 No.3) | ||
| 260 |
_aNoida _bSTM Journals |
||
| 650 | _aElectronics and Communication Engineering | ||
| 942 |
_2ddc _cBV |
||